[Event "Malopolska Cup"]
[Site "Krakow POL"]
[Date "2023.06.09"]
[Round "4.2"]
[White "Golubka, Petro"]
[Black "Sieciechowicz, Marcin"]
[Result "1/2-1/2"]
[WhiteElo "2373"]
[BlackElo "2387"]
[WhiteFideId "-1"]
[BlackFideId "-1"]
[PlyCount "114"]
[GameId "2130307559405679"]
[EventDate "2023.06.08"]
[EventType "swiss"]
[EventRounds "7"]
[EventCountry "POL"]
[SourceTitle "10 Days #726"]
[Source "ChessMix"]
[SourceDate "2023.06.20"]
[SourceVersion "1"]
[SourceVersionDate "2023.06.20"]
[SourceQuality "1"]

1. Nf3 Nf6 2. g3 g6 3. Bg2 Bg7 4. O-O O-O 5. Re1 d5 6. d3 c5 7. Nbd2 Nc6 8. a4 e5 9. e4 d4 10. Nc4 Qc7 11. Nfd2 Be6 12. Nb3 Nd7 13. f4 f6 14. Bd2 b6 15. c3 Rac8 16. h4 Rfd8 17. cxd4 cxd4 18. Rc1 Nf8 19. h5 Qd7 20. a5 Rb8 21. axb6 axb6 22. Qe2 exf4 23. gxf4 Bg4 24. Qf2 gxh5 25. Rc2 Ng6 26. Rec1 Bf8 27. e5 Nb4 28. Bxb4 Bxb4 29. exf6 Qf5 30. Be4 Qxf4 31. Bxg6 Qxf2+ 32. Kxf2 hxg6 33. Ne5 Rf8 34. Nxg4 hxg4 35. Rc6 Be7 36. Kg3 Rxf6 37. Rxf6 Bxf6 38. Rc6 Kg7 39. Nd2 b5 40. Kxg4 Be7 41. Nf3 Bf6 42. Ng5 Bxg5 43. Kxg5 Kf7 44. Rxg6 Rh8 45. Rd6 Rh2 46. b4 Rf2 47. Rd5 Ke6 48. Rxd4 Ke5 49. Rg4 Rd2 50. Kg6 Rxd3 51. Rg5+ Kd6 52. Rxb5 Rb3 53. Kf7 Kc6 54. Rc5+ Kb6 55. Rc4 Kb5 56. Rf4 Rxb4 57. Rxb4+ Kxb4 1/2-1/2

[Event "Malopolska Cup"]
[Site "Krakow POL"]
[Date "2023.06.10"]
[Round "5.2"]
[White "Bus, Konrad"]
[Black "Golubka, Petro"]
[Result "1/2-1/2"]
[WhiteElo "2256"]
[BlackElo "2373"]
[WhiteFideId "-1"]
[BlackFideId "-1"]
[PlyCount "56"]
[GameId "2130307559409806"]
[EventDate "2023.06.08"]
[EventType "swiss"]
[EventRounds "7"]
[EventCountry "POL"]
[SourceTitle "10 Days #726"]
[Source "ChessMix"]
[SourceDate "2023.06.20"]
[SourceVersion "1"]
[SourceVersionDate "2023.06.20"]
[SourceQuality "1"]

1. Nf3 Nf6 2. c4 b6 3. g3 Bb7 4. Bg2 g6 5. b3 Bg7 6. Bb2 O-O 7. O-O e6 8. d4 a5 9. Nc3 Na6 10. Qd2 Re8 11. Rfd1 d6 12. Ne1 Bxg2 13. Nxg2 d5 14. Rac1 c6 15. e3 h5 16. Qe2 Qd7 17. Nf4 Qb7 18. e4 dxe4 19. Nxe4 Nxe4 20. Qxe4 Rad8 21. Nd3 Nb4 22. a3 Nxd3 23. Rxd3 Qc7 24. Rcd1 Rd7 25. Bc1 f5 26. Qe2 Kf7 27. h4 Bf6 28. Bf4 Qd8 1/2-1/2

[Event "Malopolska Cup"]
[Site "Krakow POL"]
[Date "2023.06.10"]
[Round "6.3"]
[White "Golubka, Petro"]
[Black "Zalega, Maciej"]
[Result "1/2-1/2"]
[WhiteElo "2373"]
[BlackElo "2166"]
[WhiteFideId "-1"]
[BlackFideId "-1"]
[PlyCount "39"]
[GameId "2130307559409838"]
[EventDate "2023.06.08"]
[EventType "swiss"]
[EventRounds "7"]
[EventCountry "POL"]
[SourceTitle "10 Days #726"]
[Source "ChessMix"]
[SourceDate "2023.06.20"]
[SourceVersion "1"]
[SourceVersionDate "2023.06.20"]
[SourceQuality "1"]

1. e4 c5 2. b3 g6 3. Bb2 Nf6 4. e5 Nd5 5. Qf3 e6 6. Bc4 Nb4 7. Na3 a6 8. Qg3 b5 9. Be2 Bb7 10. c3 N4c6 11. f4 d6 12. c4 dxe5 13. cxb5 Nd4 14. Nf3 exf4 15. Qxf4 Bg7 16. Bxd4 cxd4 17. bxa6 Bxa6 18. Bxa6 Rxa6 19. Nc4 O-O 20. O-O 1/2-1/2

[Event "Malopolska Cup"]
[Site "Krakow POL"]
[Date "2023.06.11"]
[Round "7.4"]
[White "Razin, Vadim"]
[Black "Golubka, Petro"]
[Result "0-1"]
[WhiteElo "2407"]
[BlackElo "2373"]
[WhiteFideId "-1"]
[BlackFideId "-1"]
[PlyCount "56"]
[GameId "2130307559413966"]
[EventDate "2023.06.08"]
[EventType "swiss"]
[EventRounds "7"]
[EventCountry "POL"]
[SourceTitle "10 Days #726"]
[Source "ChessMix"]
[SourceDate "2023.06.20"]
[SourceVersion "1"]
[SourceVersionDate "2023.06.20"]
[SourceQuality "1"]

1. d4 Nf6 2. c4 g6 3. Nc3 d5 4. Nf3 Bg7 5. Bg5 Ne4 6. cxd5 Nxg5 7. Nxg5 e6 8. Nf3 exd5 9. g3 c6 10. Bg2 a5 11. O-O Na6 12. Re1 O-O 13. Qd2 Re8 14. e4 dxe4 15. Nxe4 Bf5 16. Nc3 Qd6 17. Rad1 h6 18. Qc1 Nb4 19. Rxe8+ Rxe8 20. h3 g5 21. g4 Bg6 22. h4 Nd3 23. Qd2 Bxd4 24. Nxd4 Qxd4 25. hxg5 hxg5 26. Bf3 Re6 27. Rf1 Ne5 28. Qd1 Bc2 0-1

[Event "Ostravsky Konik-A"]
[Site "Ostrava CZE"]
[Date "2023.05.06"]
[Round "1.7"]
[White "Jankowiak, Piotr"]
[Black "Golubka, Petro"]
[Result "0-1"]
[WhiteElo "2046"]
[BlackElo "2371"]
[WhiteFideId "-1"]
[BlackFideId "-1"]
[PlyCount "86"]
[GameId "2130307560397367"]
[EventDate "2023.05.06"]
[EventType "swiss"]
[EventRounds "9"]
[EventCountry "CZE"]
[SourceTitle "10 Days #723"]
[Source "ChessMix"]
[SourceDate "2023.05.20"]
[SourceVersion "1"]
[SourceVersionDate "2023.05.20"]
[SourceQuality "1"]

1. d4 Nf6 2. Bg5 e6 3. Nd2 h6 4. Bh4 g5 5. Bg3 Nh5 6. e3 Nxg3 7. hxg3 Bg7 8. Bd3 d6 9. c3 Nc6 10. g4 Qe7 11. Qf3 Bd7 12. Ne2 O-O-O 13. Ng3 Kb8 14. O-O-O d5 15. e4 dxe4 16. Ndxe4 Bc8 17. Nh5 f5 18. gxf5 exf5 19. Neg3 Bxd4 20. cxd4 Nxd4 21. Qe3 Qf7 22. Bb1 f4 23. Qc3 Nb5 24. Qf6 Qc4+ 25. Bc2 Rdf8 26. Qe5 fxg3 27. Qxg3 Nd4 28. Qd3 Qxc2+ 29. Qxc2 Nxc2 30. Kxc2 Rxf2+ 31. Rd2 Bf5+ 32. Kc3 Rxd2 33. Kxd2 Rd8+ 34. Ke3 Rd3+ 35. Ke2 Rd6 36. Ng3 Bc2 37. Rc1 Re6+ 38. Kd2 Bh7 39. Rf1 Rd6+ 40. Ke3 b6 41. Rf7 Bb1 42. a3 Rd3+ 43. Kf2 Rb3 0-1

[Event "Ostravsky Konik-A"]
[Site "Ostrava CZE"]
[Date "2023.05.07"]
[Round "2.5"]
[White "Golubka, Petro"]
[Black "Neuhoff, Laertes"]
[Result "1-0"]
[WhiteElo "2371"]
[BlackElo "2109"]
[WhiteFideId "-1"]
[BlackFideId "-1"]
[PlyCount "77"]
[GameId "2130307560397373"]
[EventDate "2023.05.06"]
[EventType "swiss"]
[EventRounds "9"]
[EventCountry "CZE"]
[SourceTitle "10 Days #723"]
[Source "ChessMix"]
[SourceDate "2023.05.20"]
[SourceVersion "1"]
[SourceVersionDate "2023.05.20"]
[SourceQuality "1"]

1. d4 d5 2. c4 e6 3. Nc3 Nf6 4. Bg5 c6 5. e3 h6 6. Bh4 Nbd7 7. cxd5 exd5 8. Bd3 Be7 9. f3 O-O 10. Nge2 b5 11. O-O Bb7 12. Bf2 Re8 13. Ng3 a6 14. Nf5 Rc8 15. e4 Nf8 16. e5 N6d7 17. f4 c5 18. Qg4 Ng6 19. Nxe7+ Nxe7 20. f5 f6 21. e6 Nf8 22. dxc5 d4 23. Be4 dxc3 24. Bxb7 Rb8 25. c6 cxb2 26. Rab1 Qd5 27. Bg3 Rbd8 28. Rxb2 Nxc6 29. Rc1 Ne5 30. Bxd5 Nxg4 31. Bb7 Ne3 32. Bc7 Rd1+ 33. Rxd1 Nxd1 34. Rd2 Ne3 35. Rd8 Rxd8 36. Bxd8 Nxf5 37. e7 Nxe7 38. Bxe7 a5 39. Bd5+ 1-0

[Event "Ostravsky Konik-A"]
[Site "Ostrava CZE"]
[Date "2023.05.08"]
[Round "3.3"]
[White "Hajiyev, Kanan"]
[Black "Golubka, Petro"]
[Result "0-1"]
[WhiteElo "2197"]
[BlackElo "2371"]
[WhiteFideId "-1"]
[BlackFideId "-1"]
[PlyCount "100"]
[GameId "2130307560397379"]
[EventDate "2023.05.06"]
[EventType "swiss"]
[EventRounds "9"]
[EventCountry "CZE"]
[SourceTitle "10 Days #723"]
[Source "ChessMix"]
[SourceDate "2023.05.20"]
[SourceVersion "1"]
[SourceVersionDate "2023.05.20"]
[SourceQuality "1"]

1. d4 Nf6 2. Nf3 b6 3. g3 Bb7 4. Bg2 g6 5. O-O Bg7 6. c4 O-O 7. Nc3 Ne4 8. Qc2 Nxc3 9. Qxc3 c5 10. Be3 Be4 11. Qd2 d6 12. Bh6 Nd7 13. Bxg7 Kxg7 14. h4 Nf6 15. Rfd1 Qc7 16. Rac1 a5 17. a4 Rad8 18. d5 Qd7 19. b3 e6 20. Bh3 Qe7 21. dxe6 fxe6 22. Ng5 Bf5 23. Bxf5 gxf5 24. Qe3 e5 25. Rc2 h6 26. Nh3 d5 27. cxd5 Nxd5 28. Qc1 f4 29. Rcd2 Nf6 30. Rxd8 Rxd8 31. Rxd8 Qxd8 32. gxf4 e4 33. Qe3 Qd5 34. Kg2 Qh5 35. Qg3+ Kf7 36. Kf1 Qd5 37. f5 Qxf5 38. Qc7+ Qd7 39. Qxd7+ Nxd7 40. Ke1 Kf6 41. Kd2 Kf5 42. f3 exf3 43. exf3 Ne5 44. f4 Nf3+ 45. Kc3 Kg4 46. Ng5 Nxh4 47. Nf7 h5 48. Kc4 Nf3 49. Kb5 h4 50. Kxb6 h3 0-1

[Event "Ostravsky Konik-A"]
[Site "Ostrava CZE"]
[Date "2023.05.09"]
[Round "4.2"]
[White "Golubka, Petro"]
[Black "Lys, Josef"]
[Result "1-0"]
[WhiteElo "2371"]
[BlackElo "2041"]
[WhiteFideId "-1"]
[BlackFideId "-1"]
[PlyCount "87"]
[GameId "2130307560397386"]
[EventDate "2023.05.06"]
[EventType "swiss"]
[EventRounds "9"]
[EventCountry "CZE"]
[SourceTitle "10 Days #723"]
[Source "ChessMix"]
[SourceDate "2023.05.20"]
[SourceVersion "1"]
[SourceVersionDate "2023.05.20"]
[SourceQuality "1"]

1. d4 Nf6 2. Nf3 d5 3. c4 c6 4. Nbd2 e6 5. Qc2 Be7 6. g4 Qa5 7. a3 dxc4 8. g5 Nh5 9. Qxc4 b6 10. Ne5 Qd5 11. e4 Qxc4 12. Ndxc4 f6 13. gxf6 gxf6 14. Be2 Ng7 15. Bh6 Rg8 16. Rg1 fxe5 17. Bh5+ Nxh5 18. Rxg8+ Kd7 19. Nxe5+ Kc7 20. Re8 Bd6 21. Rh8 Nf6 22. f3 Bb7 23. Nd3 Bxh2 24. Kf2 Nbd7 25. Rxa8 Bxa8 26. Rh1 Bd6 27. e5 c5 28. exf6 Nxf6 29. dxc5 bxc5 30. Bg5 Nd7 31. Rxh7 c4 32. Nf4 Be5 33. Nxe6+ Kd6 34. Rh6 Bxb2 35. Bf4+ Ke7 36. Nc7 Bb7 37. Bd6+ Kd8 38. Ne6+ Kc8 39. Rh4 Bd5 40. Nf4 Bf7 41. Rh7 Bg8 42. Re7 Nf6 43. Ne2 Nd5 44. Rxa7 1-0

[Event "Ostravsky Konik-A"]
[Site "Ostrava CZE"]
[Date "2023.05.10"]
[Round "5.1"]
[White "Rohith, Krishna S"]
[Black "Golubka, Petro"]
[Result "1/2-1/2"]
[WhiteElo "2385"]
[BlackElo "2371"]
[WhiteFideId "-1"]
[BlackFideId "-1"]
[PlyCount "115"]
[GameId "2130307560397393"]
[EventDate "2023.05.06"]
[EventType "swiss"]
[EventRounds "9"]
[EventCountry "CZE"]
[SourceTitle "10 Days #723"]
[Source "ChessMix"]
[SourceDate "2023.05.20"]
[SourceVersion "1"]
[SourceVersionDate "2023.05.20"]
[SourceQuality "1"]

1. Nf3 Nf6 2. g3 b5 3. Bg2 Bb7 4. O-O a6 5. d3 e6 6. e4 d6 7. a4 Nbd7 8. b3 Be7 9. Bb2 O-O 10. axb5 axb5 11. Na3 c6 12. Qe2 d5 13. e5 Ne8 14. c4 Nc5 15. Nd4 bxc4 16. dxc4 Nc7 17. f4 Ne4 18. f5 exf5 19. Nxf5 Ne6 20. Kh1 g6 21. Nxe7+ Qxe7 22. Nc2 Rfd8 23. Nd4 Nxd4 24. Bxd4 c5 25. Bb2 d4 26. Rae1 Ng5 27. Bc1 d3 28. Qf2 Ne6 29. Bh6 Rab8 30. Re3 Bxg2+ 31. Kxg2 Rxb3 32. Rd1 Ng7 33. g4 Ne6 34. h4 Rd4 35. Kh3 g5 36. hxg5 Nxg5+ 37. Bxg5 Qxg5 38. e6 Rf4 39. exf7+ Kxf7 40. Qh4 h6 41. Rdxd3 Rxd3 42. Rxd3 Qxh4+ 43. Kxh4 Rxc4 44. Rd7+ Ke6 45. Rh7 Rc1 46. Rxh6+ Ke5 47. Kg5 c4 48. Rc6 c3 49. Kg6 Kd4 50. g5 Rg1 51. Kh6 Kd3 52. g6 c2 53. g7 c1=Q+ 54. Rxc1 Rxc1 55. g8=Q Rh1+ 56. Kg7 Rg1+ 57. Kf8 Rxg8+ 58. Kxg8 1/2-1/2

[Event "Ostravsky Konik-A"]
[Site "Ostrava CZE"]
[Date "2023.05.11"]
[Round "6.2"]
[White "Golubka, Petro"]
[Black "Ivanov, Mike"]
[Result "0-1"]
[WhiteElo "2371"]
[BlackElo "2321"]
[WhiteFideId "-1"]
[BlackFideId "-1"]
[PlyCount "196"]
[GameId "2130307560397402"]
[EventDate "2023.05.06"]
[EventType "swiss"]
[EventRounds "9"]
[EventCountry "CZE"]
[SourceTitle "10 Days #723"]
[Source "ChessMix"]
[SourceDate "2023.05.20"]
[SourceVersion "1"]
[SourceVersionDate "2023.05.20"]
[SourceQuality "1"]

1. e4 e6 2. Qe2 b6 3. g3 Bb7 4. Bg2 Nf6 5. d3 Be7 6. Nh3 c5 7. f4 Qc7 8. Nc3 Nc6 9. Nb5 Qb8 10. c3 a6 11. Na3 O-O 12. g4 d5 13. g5 Nd7 14. Nc2 dxe4 15. Bxe4 Qc7 16. Be3 Bd6 17. Qg2 f5 18. gxf6 Nxf6 19. O-O-O Nxe4 20. dxe4 Qe7 21. Rhg1 Rad8 22. Kb1 Bc7 23. Rde1 Rd7 24. Bc1 b5 25. Qg4 Nd8 26. Ng5 Qf6 27. Rgf1 h6 28. h4 Rd3 29. f5 Rg3 30. Qh5 Qe7 31. e5 Qe8 32. Qxe8 Rxe8 33. Ne4 Bxe4 34. Rxe4 exf5 35. Rxf5 Rg1 36. a4 Nf7 37. axb5 axb5 38. Na3 Bxe5 39. Nxb5 Rb8 40. c4 Rd8 41. Rexe5 Nxe5 42. Rxe5 Rdd1 43. Rxc5 Rxc1+ 44. Ka2 Rg4 45. Nd6 Rxh4 46. Ka3 Ra1+ 47. Kb4 Rb1 48. Ka3 Ra1+ 49. Kb4 Rd4 50. Rc8+ Kh7 51. Kc5 Rad1 52. Rc6 h5 53. Nf7 Rf4 54. Ng5+ Kg8 55. Rc8+ Rf8 56. Rxf8+ Kxf8 57. b4 Rg1 58. Ne4 h4 59. b5 h3 60. Nf2 h2 61. b6 Ke7 62. b7 Rb1 63. Kc6 Kd8 64. Nh1 g5 65. Ng3 g4 66. Nh1 Rb3 67. c5 Rb1 68. Ng3 Rb2 69. Nh1 Rb3 70. Ng3 Rb4 71. Nh1 Rb2 72. Ng3 Rb3 73. Nh1 Ke7 74. Kc7 g3 75. Nxg3 Rxg3 76. b8=Q h1=Q 77. Qd8+ Kf7 78. Qd7+ Kg8 79. Qe6+ Kh8 80. c6 Qh7+ 81. Kb6 Qb1+ 82. Kc7 Rg7+ 83. Kc8 Rg8+ 84. Kd7 Qd3+ 85. Kc7 Qg3+ 86. Kb6 Qb8+ 87. Ka6 Qa8+ 88. Kb6 Rb8+ 89. Kc7 Qa7+ 90. Kd6 Rd8+ 91. Qd7 Rxd7+ 92. cxd7 Qd4+ 93. Ke7 Qe5+ 94. Kf7 Qd6 95. Ke8 Qe6+ 96. Kf8 Qf6+ 97. Ke8 Kg7 98. d8=Q Qf7# 0-1

[Event "Ostravsky Konik-A"]
[Site "Ostrava CZE"]
[Date "2023.05.12"]
[Round "7.4"]
[White "Jires, Jiri"]
[Black "Golubka, Petro"]
[Result "1/2-1/2"]
[WhiteElo "2086"]
[BlackElo "2371"]
[WhiteFideId "-1"]
[BlackFideId "-1"]
[PlyCount "126"]
[GameId "2130307560401508"]
[EventDate "2023.05.06"]
[EventType "swiss"]
[EventRounds "9"]
[EventCountry "CZE"]
[SourceTitle "10 Days #723"]
[Source "ChessMix"]
[SourceDate "2023.05.20"]
[SourceVersion "1"]
[SourceVersionDate "2023.05.20"]
[SourceQuality "1"]

1. e4 d5 2. exd5 Qxd5 3. Nc3 Qd6 4. d4 c6 5. g3 Nf6 6. Bg2 Bg4 7. Nge2 e6 8. Bf4 Qd8 9. h3 Bf5 10. Qd2 Na6 11. g4 Bg6 12. a3 Rc8 13. Bg3 Nd5 14. Nf4 Bd6 15. Nxg6 hxg6 16. Bxd6 Qxd6 17. Nxd5 cxd5 18. O-O O-O 19. Rfe1 Nb8 20. Re2 Nd7 21. Qg5 Nf6 22. c3 b5 23. Qe5 Qb6 24. g5 Nd7 25. Qg3 a5 26. h4 b4 27. axb4 axb4 28. Rae1 Qc7 29. Re3 Nb6 30. Bf1 Na4 31. cxb4 Nxb2 32. h5 gxh5 33. g6 Qxg3+ 34. Rxg3 Rc6 35. Rb1 Nc4 36. b5 Rb6 37. Bxc4 dxc4 38. Rg5 fxg6 39. Rc5 Rf5 40. Kg2 c3 41. Rxc3 Rfxb5 42. Re1 Rd5 43. Re4 Rbd6 44. Rc4 Kf7 45. Kg3 Kf6 46. f3 g5 47. Rb4 Rf5 48. Ra4 Rf4 49. Rxf4+ gxf4+ 50. Kh4 g6 51. Rb4 Rd5 52. Rc4 Rg5 53. Rc8 Rd5 54. Rc4 Ra5 55. Rc8 Rb5 56. Ra8 Rb7 57. Rf8+ Rf7 58. Rh8 Kg7 59. Re8 Rf6 60. Kg5 Rf5+ 61. Kh4 Kf7 62. Rc8 Rd5 63. Rc7+ Kf6 1/2-1/2

[Event "Ostravsky Konik-A"]
[Site "Ostrava CZE"]
[Date "2023.05.13"]
[Round "8.4"]
[White "Golubka, Petro"]
[Black "Mannion, Stephen"]
[Result "1-0"]
[WhiteElo "2371"]
[BlackElo "2189"]
[WhiteFideId "-1"]
[BlackFideId "-1"]
[PlyCount "135"]
[GameId "2130307560401516"]
[EventDate "2023.05.06"]
[EventType "swiss"]
[EventRounds "9"]
[EventCountry "CZE"]
[SourceTitle "10 Days #723"]
[Source "ChessMix"]
[SourceDate "2023.05.20"]
[SourceVersion "1"]
[SourceVersionDate "2023.05.20"]
[SourceQuality "1"]

1. b3 d5 2. Bb2 Bf5 3. g3 Nc6 4. Nf3 e5 5. Nxe5 Nxe5 6. Bxe5 d4 7. Rg1 f6 8. Bf4 g5 9. g4 Bg6 10. Bg3 Qd7 11. e3 O-O-O 12. Bd3 dxe3 13. fxe3 Bxd3 14. cxd3 Qxd3 15. Qe2 Nh6 16. Qxd3 Rxd3 17. Ke2 Rd7 18. h3 Bg7 19. Na3 f5 20. Raf1 Rhd8 21. Be1 fxg4 22. hxg4 c5 23. Rh1 b6 24. Nc4 Nxg4 25. Rxh7 Bh6 26. Rxd7 Rxd7 27. Bg3 Kd8 28. Rh1 Rf7 29. Nd6 Rf8 30. e4 Bg7 31. Rh7 Be5 32. Bxe5 Nxe5 33. Rxa7 Nd7 34. Nf5 Rf7 35. Ra8+ Kc7 36. Rc8+ Kxc8 37. Nd6+ Kc7 38. Nxf7 g4 39. Ke3 Nf6 40. d3 Nh5 41. Ne5 g3 42. Kf3 Kd6 43. Nc4+ Ke6 44. Nxb6 Nf4 45. Kxg3 Nxd3 46. Kf3 Nc1 47. Na4 Nxa2 48. Nxc5+ Kd6 49. Nd3 Nc3 50. Ke3 Nb5 51. b4 Ke6 52. Nc5+ Ke5 53. Kd3 Nd6 54. Nd7+ Ke6 55. Nb6 Nb5 56. Na4 Kd6 57. Nc3 Nc7 58. Kd4 Ne6+ 59. Kc4 Kc6 60. e5 Nc7 61. Ne2 Kd7 62. Nd4 Ne8 63. Kc5 Kc7 64. b5 Ng7 65. b6+ Kb7 66. Kb5 Nh5 67. Ne6 Ng3 68. Nc5+ 1-0

[Event "Schloss op"]
[Site "Werther GER"]
[Date "2023.03.31"]
[Round "2.1"]
[White "Waldhausen Gordon, Frederick"]
[Black "Golubka, Petro"]
[Result "0-1"]
[WhiteElo "2154"]
[BlackElo "2360"]
[WhiteFideId "-1"]
[BlackFideId "-1"]
[PlyCount "102"]
[GameId "2130307561810376"]
[EventDate "2023.03.30"]
[EventType "swiss"]
[EventRounds "7"]
[EventCountry "GER"]
[SourceTitle "10 Days #719"]
[Source "ChessMix"]
[SourceDate "2023.04.10"]
[SourceVersion "1"]
[SourceVersionDate "2023.04.10"]
[SourceQuality "1"]

1. e4 c6 2. Nf3 d5 3. Nc3 a6 4. d4 Bg4 5. exd5 cxd5 6. h3 Bxf3 7. Qxf3 e6 8. Bf4 Nc6 9. O-O-O Bd6 10. g4 Qf6 11. Nxd5 exd5 12. Qe3+ Nge7 13. Bg5 Qe6 14. Qb3 Qd7 15. Kb1 O-O 16. Bg2 Na5 17. Qd3 Rfe8 18. h4 Nac6 19. Bh3 Nb4 20. Qd2 Qa4 21. a3 Nbc6 22. h5 Na5 23. Qd3 Nc4 24. Bc1 Qb5 25. Ka2 Bf4 26. b3 Bxc1 27. Rxc1 Nd6 28. Qf3 Ne4 29. h6 Qb6 30. Qe3 Qxh6 31. f4 Qc6 32. Kb2 Ng6 33. f5 Nf8 34. Bg2 Qf6 35. Rh5 h6 36. c3 Nh7 37. Re1 Nhg5 38. Bf1 Nd6 39. Qc1 Rxe1 40. Qxe1 Re8 41. Qc1 Nde4 42. Rh2 b5 43. Re2 Rc8 44. Re3 Qd6 45. Be2 Nh7 46. Rh3 Nhf6 47. Qf1 Re8 48. Bd3 Ng5 49. Rh1 Re3 50. Rg1 Rxd3 51. Qxd3 Qh2+ 0-1

[Event "Schloss op"]
[Site "Werther GER"]
[Date "2023.03.31"]
[Round "3.1"]
[White "Golubka, Petro"]
[Black "Prieb, Robert"]
[Result "1-0"]
[WhiteElo "2360"]
[BlackElo "2113"]
[WhiteFideId "-1"]
[BlackFideId "-1"]
[PlyCount "67"]
[GameId "2130307561810387"]
[EventDate "2023.03.30"]
[EventType "swiss"]
[EventRounds "7"]
[EventCountry "GER"]
[SourceTitle "10 Days #719"]
[Source "ChessMix"]
[SourceDate "2023.04.10"]
[SourceVersion "1"]
[SourceVersionDate "2023.04.10"]
[SourceQuality "1"]

1. e4 e5 2. Bb5 c6 3. Ba4 Nf6 4. Qe2 b5 5. Bb3 d6 6. Nf3 Be7 7. c3 O-O 8. O-O Nbd7 9. d4 Qc7 10. a4 Bb7 11. Na3 a6 12. c4 exd4 13. Nxd4 Nc5 14. cxb5 Nxb3 15. Nxb3 cxb5 16. axb5 Bxe4 17. Bg5 Qb7 18. f3 Bd5 19. Na5 Qb6+ 20. Kh1 Rfe8 21. b4 axb5 22. Qxb5 Reb8 23. Qxb6 Rxb6 24. Bd2 Be6 25. Rfc1 Nd5 26. N3c4 Rb5 27. Nc6 Rxa1 28. Rxa1 Bf8 29. Ra8 Bd7 30. Nd4 Nb6 31. Nxb6 Rxb6 32. Rd8 Rb7 33. Bf4 Ra7 34. h4 1-0

[Event "Schloss op"]
[Site "Werther GER"]
[Date "2023.04.01"]
[Round "4.1"]
[White "Bilovil, Bogdan"]
[Black "Golubka, Petro"]
[Result "1/2-1/2"]
[WhiteElo "2338"]
[BlackElo "2360"]
[WhiteFideId "-1"]
[BlackFideId "-1"]
[PlyCount "48"]
[GameId "2130307561810398"]
[EventDate "2023.03.30"]
[EventType "swiss"]
[EventRounds "7"]
[EventCountry "GER"]
[SourceTitle "10 Days #719"]
[Source "ChessMix"]
[SourceDate "2023.04.10"]
[SourceVersion "1"]
[SourceVersionDate "2023.04.10"]
[SourceQuality "1"]

1. d4 Nf6 2. c4 g6 3. Nc3 d5 4. Bf4 Bg7 5. e3 c5 6. dxc5 Qa5 7. Nf3 Nc6 8. Rc1 dxc4 9. Qa4 Qxc5 10. Qxc4 Qa5 11. Be2 O-O 12. O-O Be6 13. Qb5 Qxb5 14. Bxb5 Nd5 15. Bxc6 Nxc3 16. bxc3 bxc6 17. c4 Rfd8 18. Be5 c5 19. Bxg7 Kxg7 20. Rc2 Bf5 21. Rb2 Bd3 22. Rc1 Bxc4 23. h4 Bd5 24. Rxc5 Bxf3 1/2-1/2

[Event "Schloss op"]
[Site "Werther GER"]
[Date "2023.04.01"]
[Round "5.2"]
[White "Golubka, Petro"]
[Black "Fuellgrabe, Thomas"]
[Result "1-0"]
[WhiteElo "2360"]
[BlackElo "2207"]
[WhiteFideId "-1"]
[BlackFideId "-1"]
[PlyCount "207"]
[GameId "2130307561814506"]
[EventDate "2023.03.30"]
[EventType "swiss"]
[EventRounds "7"]
[EventCountry "GER"]
[SourceTitle "10 Days #719"]
[Source "ChessMix"]
[SourceDate "2023.04.10"]
[SourceVersion "1"]
[SourceVersionDate "2023.04.10"]
[SourceQuality "1"]

1. e4 e5 2. Qh5 Nc6 3. Bc4 g6 4. Qe2 Bg7 5. c3 d6 6. d3 Nf6 7. Bg5 h6 8. Bh4 O-O 9. h3 Qe8 10. Bxf6 Bxf6 11. a3 Bg7 12. Nf3 Kh8 13. Nbd2 Be6 14. O-O-O Na5 15. Bxe6 Qxe6 16. h4 c5 17. Nc4 Nc6 18. a4 Rab8 19. h5 g5 20. Nfd2 b5 21. axb5 Rxb5 22. g4 Rfb8 23. Kc2 Bf8 24. Ra1 Qc8 25. Rhb1 Qb7 26. Qf3 Kg7 27. Ra2 a5 28. Kd1 Qc7 29. Rba1 Qd8 30. Nf1 Ra8 31. Nfe3 Ne7 32. Ke1 Ra7 33. Kf1 Ra8 34. Kg2 Ra7 35. Ra4 Ra8 36. Kh3 Qb8 37. R1a2 Ra6 38. Qe2 Nc6 39. Nd5 Ra7 40. Qf3 Be7 41. Qe3 Rd7 42. Qe2 Bd8 43. R4a3 Rdb7 44. Kh2 Rd7 45. Qf3 Rdb7 46. Qf5 Ra7 47. Nde3 Ne7 48. Qf3 Rab7 49. Kg1 Ra7 50. Nf5+ Nxf5 51. exf5 Ra6 52. Kg2 Kf6 53. Qe4 Qb7 54. f3 Bc7 55. Qxb7 Rxb7 56. Ne3 Ke7 57. Kf1 Kd7 58. f6 Bd8 59. Ke1 Bxf6 60. Kd1 Bg7 61. Rxa5 Rab6 62. Nf5 Bf8 63. Ra8 Rb8 64. Rxb8 Rxb8 65. Kc2 Ke6 66. Ra7 Rc8 67. Rb7 Rd8 68. b4 cxb4 69. cxb4 d5 70. Rb6+ Kd7 71. d4 e4 72. fxe4 dxe4 73. Kd2 Ra8 74. Ke3 Ra1 75. Rb7+ Kc6 76. Rb8 Bd6 77. Nxd6 Kxd6 78. Kxe4 Re1+ 79. Kd3 Rg1 80. Rd8+ Kc6 81. Rc8+ Kd5 82. Rc5+ Kd6 83. b5 Rxg4 84. b6 Rg3+ 85. Kc4 Rg1 86. Rf5 Rb1 87. Rb5 Rc1+ 88. Kd3 Rc8 89. Ke4 Ke6 90. b7 Rb8 91. Rb6+ Kd7 92. Ke5 Kc7 93. Rxh6 Kxb7 94. Rh7 Kc6 95. Rxf7 Re8+ 96. Kf5 g4 97. Kxg4 Kd5 98. Kf5 Kxd4 99. h6 Re1 100. h7 Rh1 101. Rd7+ Ke3 102. Kg6 Rg1+ 103. Kf7 Rh1 104. Kg8 1-0

[Event "Schloss op"]
[Site "Werther GER"]
[Date "2023.04.02"]
[Round "6.1"]
[White "Holtel, Jasper"]
[Black "Golubka, Petro"]
[Result "1-0"]
[WhiteElo "2325"]
[BlackElo "2360"]
[WhiteFideId "-1"]
[BlackFideId "-1"]
[PlyCount "43"]
[GameId "2130307561814517"]
[EventDate "2023.03.30"]
[EventType "swiss"]
[EventRounds "7"]
[EventCountry "GER"]
[SourceTitle "10 Days #719"]
[Source "ChessMix"]
[SourceDate "2023.04.10"]
[SourceVersion "1"]
[SourceVersionDate "2023.04.10"]
[SourceQuality "1"]

1. Nf3 e6 2. g3 f5 3. Bg2 Nf6 4. O-O Be7 5. c4 O-O 6. d4 c6 7. b3 d5 8. Bb2 Bd7 9. Nbd2 Be8 10. Ne5 Nbd7 11. Nd3 Ne4 12. e3 g5 13. f3 Nxd2 14. Qxd2 Bg6 15. Rae1 Qb6 16. Bc3 Nf6 17. Ne5 Qd8 18. e4 Nh5 19. exd5 cxd5 20. Nxg6 hxg6 21. Rxe6 Bf6 22. f4 1-0